000 01038cad a22002415a 4500
001 E151086
008 100929s2009 xxk f 100 0 eng d
020 _a9781842195192
035 _a(Sirsi) u151086
041 0 _aeng
100 1 _aWindapo, A. O.
111 2 _aConstruction and Building Research Conference
_cUniversity of Cape Town
_d10-11 September 2009
245 0 0 _aStudy of the utilization of modern methods and techniques of building construction in low cost housing provision in Nigeria
_h[electronic resource]
260 _aLondon
_bRICS
_c2009
520 _aA paper presented at the COBRA Conference in Cape Town on 10-11 September 2009.
590 _aKA
650 2 4 _aCONSTRUCTION AND BUILDING RESEARCH CONFERENCE (COBRA)
651 4 _aNigeria
690 _aPROPERTY-RESIDENTIAL PROPERTY-DOMESTIC RESIDENTIAL PROPERTY-HOUSING
700 1 _aBalogun, A. A.
856 4 0 _uhttps://archive.rics.org/site/scripts/download_info.aspx?fileID=5065&categoryID=524
_zView the item free of charge at www.rics.org
942 _n0
999 _c111143
_d111143